000 00314nam a2200133Ia 4500
005 20260326100047.0
008 260326s9999||||xx |||||||||||||| ||und||
100 _aParicio, Ignacio
245 0 _aLas Claraboyas /
_cIgnacio Paricio
260 _bBisagra
300 _a82 p.
650 _aCONSTRUCCIÓN
942 _cBK
999 _c7241
_d7241